000 01579nam0a2200361 4500
001 RU\NLR\BIBL_A\022751999
005 20260407135937.0
010 _a978-5-902833-74-1
_bПарадигма
010 _a978-5-8291-4417-3
_bАкадемический проект
_91000
021 _aRU
_bКН-П-26-003172
_9КН-П-26-0286
035 _a(NLR Aleph) 022751999
090 _a13654276
_c13654276
100 _a20260312d2025 u y0rusy50 ca
101 0 _arus
102 _aRU
105 _ay z 000zy
181 0 _ai
_baxxe
182 0 _an
200 1 _aФилософские и географические работы
_fП. Н. Савицкий
_gвступительная статья, составление и комментарии К. Б. Ермишиной
203 _aТекст
_bвизуальный
_cнепосредственный
210 _aМосква
_cАкадемический проект
_cПарадигма
_d2025
215 _a556 с.
_d22
225 1 _aФилософские технологии: русская философия
320 _aБиблиогр. в подстроч. примеч.
606 1 _aЕвразийство
_jСборники
_2nlr_sh1
_2nlr_sh2
_3RU\NLR\AUTH\66417875
606 1 _aГеография
_jСборники
_2nlr_sh1
_2nlr_sh2
_3RU\NLR\AUTH\6662461
686 1 _aД8я44
686 1 _aЮ6г(2)6я44
700 1 _aСавицкий
_bП. Н.
_f1895-1968
_gПетр Николаевич
_3RU\NLR\AUTH\7758982
942 _cBOOK
980 _aNB